000 00637nam a2200277Ia 4500
005 20260324141022.0
008 008 260324s9999 xx 000 0 eng d
020 _a9780203210482
037 _aEBOOK
040 _aCRL
040 _beng
040 _cCRL
041 _2eng
041 _aeng
084 _qCRL
100 _aRD Laing
_91206609
245 0 _aKnots: Selected Works of RD Laing: Vol 7
260 _bTaylor and Francis
260 _c1998
365 _a
365 _b350
856 _uhttp://www.taylorfrancis.com/books/9780203210482
942 _cEBOOK
999 _c1809266
_d1809266